000 00305nam a22001217a 4500
008 160505b xxu||||| |||| 00| 0 eng d
020 _a9780323019194
020 _a0323019196
041 _aeng
080 _a61
245 _aLong term care assistants:
_cSheila A.Sorrentino; Bernie Gorek;
942 _2udc
_cBK
999 _c1819
_d1819